Budovanie informačného systému v slovenskom zahraničnom obchode (analýza informačného systému) dizertačná práca

Enregistré dans:
Détails bibliographiques
Auteur principal: Pistovič, Juraj
Collectivité auteur: Ekonomická univerzita v Bratislave. Obchodná fakulta
Autres auteurs: Urban, Eduard
Format: Livre
Langue:slovaque
Publié: Bratislava 2003
Sujets:
Tags: Ajouter un tag
Pas de tags, Soyez le premier à ajouter un tag!

MARC

LEADER 00000nbm a2200000 4500
001 0179355
005 20221207102544.5
041 0 |a slo 
044 |a SK 
245 1 0 |a Budovanie informačného systému v slovenskom zahraničnom obchode (analýza informačného systému)  |b dizertačná práca  |c Juraj Pistovič ; školiteľ: Eduard Urban 
264 1 |a Bratislava  |c 2003 
300 |a 124 s. 
610 2 0 |a systémy informačné 
610 2 0 |a obchod zahraničný 
610 2 0 |a Slovensko 
610 2 0 |a Česko 
100 1 |a Pistovič, Juraj 
700 1 |a Urban, Eduard 
710 2 |a Ekonomická univerzita v Bratislave. Obchodná fakulta